| 000 | 01057nam a22003017a 4500 | ||
|---|---|---|---|
| 001 | 6066 | ||
| 003 | FISKH | ||
| 005 | 20250305103638.0 | ||
| 008 | 250305b cb ||||| |||| 00| 0 eng d | ||
| 020 | _a9780545569996 | ||
| 040 |
_aFISKH _beng _cFISKH _dFISKH |
||
| 050 | _aPZ7.B174297 P | ||
| 082 | _a813.6 | ||
| 100 |
_aBaker, Kim _d(1970-) |
||
| 245 |
_aPickle : _bThe (formerly) anonymous prank club of fountain point middle school / _cKim Baker ; Illustrated by Tim Probert |
||
| 250 | _aThis edition first published in 2013 | ||
| 260 |
_aNew York : _bScholastic, _c2012 |
||
| 300 |
_a233 pages : _billustrations ; _c20 cm |
||
| 505 | _aR | ||
| 520 | _aUsing a bogus name, the League of Picklemakers, sixth-grader Ben and three recruits start a prank-pulling club and receive funding from their middle school's PTA. | ||
| 521 | 8 |
_a700
_bLexile |
|
| 521 | 8 |
_aR
_bRaz-Plus |
|
| 650 |
_2Humor _aRealistic fiction |
||
| 650 |
_2Schools--Fiction _aBoys Room |
||
| 700 |
_aProbert, Tim _dillustrator |
||
| 942 |
_2ddc _cBK _n0 |
||
| 999 |
_c6066 _d6066 |
||